000 01102nam a2200253 i 4500
003 CSPC
005 20241120095731.0
008 240531s2023 ii b 001 0 eng d
020 _a9789390812561
040 _aCSPC
_beng
_cCSPC
_erda
082 0 4 _a515
_bP170t
100 1 _aPal, Madan,
_eauthor.
245 1 2 _aA Textbook of calculus /
_cMadan Pal.
264 1 _aNew Delhi, India :
_bNation Press,
_c2023.
300 _aviii, 319 pages :
_billustrations ;
_c24 cm.
336 _2rdacontent
_atext
337 _2rdamedia
_aunmediated
338 _2rdacarrier
_avolume
504 _aIncludes bibliographical references and index.
505 0 _aIntroduction -- Approximation of definite integral calculus -- Concepts of function, limits and continuity -- Indefinite integration -- Applications of derivatives -- Applications to geometry -- Techniques of integration -- Logarithms -- Infinite series -- Vector calculus.
650 0 _aCalculus.
942 _2ddc
_n0
_cBK
_h515
_iP170t
_kCIR
_m2023
999 _c27780
_d27780